header

Property investment in Bulgaria (Record no. 122175)

MARC details
000 -LEADER
fixed length control field 01218nam a2200313 a 4500
100 1# - MAIN ENTRY--AUTHOR NAME
Personal name Mandl, Jubilee Jenna.
245 10 - TITLE STATEMENT
Title Property investment in Bulgaria
260 ## - PUBLICATION, DISTRIBUTION, ETC. (IMPRINT)
Place of publication Hamburg :
Name of publisher Diplom.de,
Year of publication 2007.
300 ## - PHYSICAL DESCRIPTION
Number of Pages iii, 54 p. :
Other physical details col. port.
500 ## - GENERAL NOTE
General note Title from cover.
650 #0 - SUBJECT ADDED ENTRY--TOPICAL TERM
Topical Term Real estate investment
Topical Term Real property
856 40 - ELECTRONIC LOCATION AND ACCESS
Uniform Resource Identifier http://site.ebrary.com/lib/rucke/Doc?id=10483098

No items available.

© 2026 Rongo University
Contact us: librarian | system librarian | Rongo university